[Event "1st Open"]
[Site "Paleochora GRE"]
[Date "2008.07.26"]
[Round "7"]
[White "Iskusnyh,S"]
[Black "Sandalakis,A"]
[Result "1/2-1/2"]
[WhiteElo "2499"]
[BlackElo "2341"]

1.d4 Nf6 2.c4 e6 3.Nf3 d5 4.g3 Be7 5.Bg2 O-O 6.Qc2 dxc4 7.Qxc4 a6 8.Bf4 Nd5
9.Nc3 Nc6 10.O-O g5 11.Bc1 Nb6 12.Qd3 g4 13.Ne5 Nxe5 14.dxe5 Qxd3 15.exd3 Rd8
16.Be3 Nd5 17.d4 b6 18.Rac1 Ra7 19.Ne4 Bd7 20.a3 Bb5 21.Rfd1 Kg7 22.Bd2 a5
23.Nc3 Nxc3 24.Bxc3 f5 25.d5 Bg5 26.Ra1 Ba4 27.d6 Bxd1 28.Rxd1 b5 29.h4 gxh3
30.Bc6 b4 31.Be1 Rc8 32.Bb5 bxa3 33.bxa3 a4 34.Bc4 Bd8 35.Bc3 Rb8  1/2-1/2

[Event "2nd Dragana Vjestice Mem"]
[Site "Banja Luka BIH"]
[Date "2008.07.27"]
[Round "6"]
[White "Goric,E"]
[Black "Vojvodic,V"]
[Result "1-0"]
[WhiteElo "2388"]
[BlackElo "2234"]

1.Nf3 Nf6 2.c4 e6 3.g3 d5 4.d4 Be7 5.Bg2 O-O 6.O-O dxc4 7.Qa4 a6 8.Qxc4 b5
9.Qc2 Bb7 10.Nbd2 Nbd7 11.Nb3 Be4 12.Qd1 c5 13.Bd2 c4 14.Ba5 Qb8 15.Nbd2 Bd5
16.b3 cxb3 17.axb3 Rc8 18.Re1 Qb7 19.e4 Bc6 20.d5 exd5 21.exd5 Nxd5 22.Nd4 N7f6
23.Nxc6 Rxc6 24.Ne4  1-0

[Event "TIPC GM"]
[Site "Charleroi BEL"]
[Date "2008.07.27"]
[Round "2"]
[White "Rausis,I"]
[Black "Hovhanisian,M"]
[Result "1/2-1/2"]
[WhiteElo "2486"]
[BlackElo "2458"]

1.c4 e6 2.g3 d5 3.Bg2 Nf6 4.Nf3 Be7 5.d4 O-O 6.Qc2 c6 7.O-O Nbd7 8.b3 a5
9.Nc3 b6 10.Rd1 Ba6 11.Bb2 b5 12.Nd2 Rb8 13.e4 bxc4 14.bxc4 dxc4 15.Na4 c5
16.d5 exd5 17.exd5 Ne8 18.Nxc4 Bxc4 19.Qxc4 Nd6 20.Qc2 Bf6 21.Bxf6 Qxf6 22.Nxc5 Nxc5
23.Qxc5 Rfc8 24.Qd4 Qxd4 25.Rxd4 Rb7 26.Ra4 Rc5 27.h4 g6 28.a3  1/2-1/2

[Event "Politiken Cup"]
[Site "Helsingor DEN"]
[Date "2008.07.27"]
[Round "10"]
[White "Iljushin,A"]
[Black "Mchedlishvili,M"]
[Result "1/2-1/2"]
[WhiteElo "2546"]
[BlackElo "2604"]

1.d4 Nf6 2.c4 e6 3.g3 d5 4.Bg2 Be7 5.Nf3 O-O 6.O-O dxc4 7.Qc2 a6 8.a4 Bd7
9.Qxc4 Bc6 10.Bg5 a5 11.Nc3 Na6 12.Rfd1 Nb4 13.Rac1  1/2-1/2

[Event "34th Open"]
[Site "Sitges ESP"]
[Date "2008.07.27"]
[Round "6"]
[White "Banusz,T"]
[Black "Papp,Ga"]
[Result "1/2-1/2"]
[WhiteElo "2481"]
[BlackElo "2509"]

1.d4 Nf6 2.c4 e6 3.g3 d5 4.Nf3 Be7 5.Bg2 O-O 6.O-O dxc4 7.Qc2 a6 8.a4 Bd7
9.Qxc4 Bc6 10.Bg5 a5  1/2-1/2

[Event "13th Open"]
[Site "Creon FRA"]
[Date "2008.07.30"]
[Round "4"]
[White "Skatchkov,P"]
[Black "Passager,JP"]
[Result "1-0"]
[WhiteElo "2491"]
[BlackElo "2235"]

1.d4 d5 2.Nf3 Nf6 3.c4 e6 4.g3 Be7 5.Bg2 O-O 6.O-O dxc4 7.Nc3 Bd7 8.Ne5 Bc6
9.e4 b5 10.d5 b4 11.dxc6 bxc3 12.bxc3 a5 13.Qa4 Qd6 14.Bf4 Qc5 15.Rab1 Ra6
16.Rb5 Qa7 17.Rb7 Qa8 18.Rfb1 Bd6 19.Qb5 Rb6 20.Rxb6 cxb6 21.Nd7 Nfxd7 22.Bxd6 Qxc6
23.Bxf8 Qxb5 24.Rxb5 Kxf8 25.Bf1 Na6 26.Bxc4 Nac5 27.f3 Na4 28.Rb3 Nac5 29.Rb1 Ke7
30.Bb5 Ne5 31.Kg2 Kd8 32.Rd1+ Kc7 33.f4 Ng4 34.Re1 Nf6 35.Kf3 Ng8 36.g4 Ne7
37.h4 Nc8 38.e5 Kd8 39.Rd1+ Ke7 40.Ke3 Na7 41.Rb1 Kd8 42.Bd3  1-0

[Event "12th HZ Open"]
[Site "Vlissingen NED"]
[Date "2008.08.04"]
[Round "4"]
[White "Haak,E"]
[Black "Amon,H"]
[Result "1/2-1/2"]
[WhiteElo "2170"]
[BlackElo "1947"]

1.d4 d5 2.Nf3 Nf6 3.c4 e6 4.g3 Be7 5.Bg2 O-O 6.O-O c5 7.cxd5 exd5 8.Nc3 b6
9.Bg5 Bb7 10.Ne5 h6 11.Bf4 Na6 12.Rc1 Nc7 13.Bh3 Ne6 14.Ng6 Nxf4 15.Nxf4 Bd6
16.dxc5 Bxf4 17.gxf4 d4 18.Na4 Qd5 19.c6 Bxc6 20.Rxc6 Qxc6 21.Bg2 Qd6 22.Bxa8 Rxa8
23.Qd2 Ne4 24.Qd3 Qxf4 25.f3 Ng3 26.hxg3 Qxg3+ 27.Kh1  1/2-1/2

[Event "Najdorf Memorial Open"]
[Site "Warsaw POL"]
[Date "2008.08.05"]
[Round "4"]
[White "Gajewski,G"]
[Black "Salem,AR"]
[Result "1-0"]
[WhiteElo "2575"]
[BlackElo "2443"]

1.d4 d5 2.c4 e6 3.Nf3 Nf6 4.g3 Be7 5.Bg2 O-O 6.O-O c5 7.cxd5 exd5 8.dxc5 Bxc5
9.a3 a5 10.Nc3 Nc6 11.Bf4 d4 12.Nb5 Nd5 13.Bg5 Qb6 14.a4 h6 15.Nd2 Ncb4 16.Nc4 Qg6
17.Bd2 Rd8 18.Rc1 Bf5 19.Nxa5 Nc2 20.Bxd5 Rxd5 21.Nc7 Rad8 22.Nxb7 Bb6 23.Nxd5 Rxd5
24.Bf4 Be4 25.Nd6 Rxd6 26.Bxd6 Qf5 27.Rxc2 d3 28.Rc4 dxe2 29.Qxe2  1-0

[Event "Petrovskaya Ladya Open"]
[Site "Peterhof RUS"]
[Date "2008.08.06"]
[Round "5"]
[White "Kuryshev,I"]
[Black "Emdin,M"]
[Result "1-0"]
[WhiteElo "2100"]
[BlackElo "1832"]

1.d4 d5 2.c4 e6 3.Nf3 Nf6 4.g3 Be7 5.Bg2 O-O 6.O-O Nbd7 7.Qc2 c6 8.b3 b6
9.Bb2 Bb7 10.Nc3 Rc8 11.Rad1 c5 12.cxd5 Nxd5 13.Nxd5 Bxd5 14.e4 Bb7 15.d5 exd5
16.exd5 Bf6 17.d6 Re8 18.Ng5 Bxg5 19.Bxb7 Rb8 20.Be4 h6 21.Bf5 Nf8 22.d7 Re7
23.Rfe1 Bf6 24.Bxf6 Rxe1+ 25.Rxe1 Qxf6 26.Re8 Rd8 27.Qe4 Rxd7 28.Bh7+  1-0

[Event "Timisoara Cup GM"]
[Site "Timisoara ROM"]
[Date "2008.08.06"]
[Round "6"]
[White "Doncea,V"]
[Black "Schmidt,Rau"]
[Result "1/2-1/2"]
[WhiteElo "2455"]
[BlackElo "2400"]

1.Nf3 d5 2.d4 Nf6 3.c4 e6 4.g3 Be7 5.Bg2 O-O 6.Qc2 a6 7.Nbd2 Nbd7 8.O-O c6
9.Rd1 b5 10.b3 Bb7 11.e4 Nxe4 12.Nxe4 dxe4 13.Qxe4 bxc4 14.bxc4 Nf6 15.Qb1 Qc8
16.Ne5 Rb8 17.c5 Nd5 18.Qc2 a5 19.Nc4 a4 20.Bxd5 exd5 21.Nb6 Qg4 22.f3 Qxf3
23.Nd7 Bc8 24.Nxb8 Bf5 25.Rf1 Bxc2 26.Rxf3 Rxb8 27.Bf4 Rb4 28.Re3 Be4 29.Rd1 Bf6
30.Rxe4 dxe4 31.d5 cxd5 32.c6 Rc4 33.c7 Kf8 34.Rc1 Bc3 35.Rb1 Ke7 36.Rb8 g5
37.Bxg5+ Kd7 38.Bf4 Bf6 39.Rf8 Be7 40.Rxf7 h6 41.Rh7 d4 42.Bxh6 Rxc7 43.Bg5 Ke6
44.Rxe7+ Rxe7 45.Bxe7 Kxe7 46.Kf2 Kf6 47.h4 Kf5 48.h5 d3 49.Ke3 Kg5 50.g4 a3
51.Kd2 Kh6  1/2-1/2

[Event "Abkhasian Open"]
[Site "Sukhumi GEO"]
[Date "2008.08.07"]
[Round "5"]
[White "Ovetchkin,R"]
[Black "Pushkov,N"]
[Result "1/2-1/2"]
[WhiteElo "2558"]
[BlackElo "2514"]

1.Nf3 Nf6 2.c4 e6 3.g3 d5 4.Bg2 Be7 5.d4 O-O 6.O-O c6 7.Qc2 Nbd7 8.Nbd2 b6
9.e4 Ba6 10.Re1 Rc8 11.e5 Ne8 12.cxd5 cxd5 13.Qa4 Bd3 14.Re3 Bc2 15.Qb5 Rc7
16.Ne1 Bg6 17.Nf1 Rc4 18.b3 Nc7 19.bxc4 Nxb5 20.cxb5 Qc7 21.Bb2 Qc4 22.Rb3 Qa4
23.Ne3 Rc8 24.Bf1 f6 25.Bh3 f5 26.Nd3 Nf8 27.Bc3 Rxc3 28.Rxc3 Qxd4 29.Rac1 Be8
30.Bxf5 Bxb5 31.Rb3 Bxd3 32.Bxd3 Qxe5 33.Re1 Bc5 34.Bf1 Qd4 35.Rd3 Qa4 36.Re2 g6
37.Ng2 Kg7 38.Nf4 a5 39.a3 Qc6 40.Bh3 Bxa3 41.Nxe6+ Nxe6 42.Bxe6 Bc5 43.Rxd5 a4
44.h4 h5 45.Rd7+ Kh6 46.g4 hxg4 47.Bxg4 a3 48.h5 Qa4 49.Be6 Kxh5 50.Rd3 Kh6
51.Bb3 Qf4 52.Kg2 Qg4+ 53.Kf1 Qf5 54.Rg3 Bd6 55.Rxg6+  1/2-1/2

[Event "Najdorf Memorial Open"]
[Site "Warsaw POL"]
[Date "2008.08.07"]
[Round "6"]
[White "Urban,K"]
[Black "Tvarijonas,P"]
[Result "1/2-1/2"]
[WhiteElo "2469"]
[BlackElo "2285"]

1.Nf3 d5 2.c4 e6 3.d4 Nf6 4.g3 Be7 5.Bg2 O-O 6.O-O Nbd7 7.b3 Ne4 8.Qc2 f5
9.Ba3 Bxa3 10.Nxa3 Qe7 11.Qb2 Ndf6 12.Rac1 c6 13.Nc2 Bd7 14.Nce1 Be8 15.Nd3 Bh5
16.Nfe5 Nd7 17.e3 Nxe5 18.Nxe5 g5 19.f3 Nf6 20.f4 gxf4 21.gxf4 Kh8 22.cxd5 exd5
23.Qf2 Rg8 24.Qh4 Rg7 25.Kh1 Rag8 26.Rc2 Qe6 27.Bh3 Bg4 28.Bg2 h6 29.Rg1 Kh7
30.Rcc1 Bh5 31.Rcf1 Be2 32.Re1 Bg4 33.Ref1 Qd6 34.b4 Be2  1/2-1/2

[Event "US Open"]
[Site "Dallas USA"]
[Date "2008.08.08"]
[Round "7"]
[White "Yeager,D"]
[Black "Sana,M"]
[Result "1-0"]
[WhiteElo "2335"]
[BlackElo "2150"]

1.d4 Nf6 2.c4 e6 3.g3 d5 4.Nf3 Be7 5.Bg2 O-O 6.O-O dxc4 7.Qc2 a6 8.a4 Bd7
9.Qxc4 Bc6 10.Bg5 a5 11.Nc3 Na6 12.Bxf6 Bxf6 13.e4 Nb4 14.Rad1 b6 15.d5 exd5
16.exd5 Bb7 17.Nd4 Be5 18.Ne6 fxe6 19.dxe6 Ba6 20.Nb5 Qf6 21.e7+ Kh8 22.exf8=Q+ Rxf8
23.Rfe1 c6 24.Qe4 Bxb2 25.Nc7 Qxf2+ 26.Kh1 Bd3 27.Qe7 Nc2 28.Qxf8+ Qxf8 29.Re8 Qxe8
30.Nxe8 Nb4 31.Bxc6 Bc2 32.Rf1 Kg8 33.Rf2 Bd4 34.Bd5+ Nxd5 35.Rxc2 Bc5 36.Rd2 Nc3
37.Rd7 Nxa4 38.Nxg7 Nc3 39.Ne6 Bb4 40.Rg7+ Kh8 41.Rb7 Kg8 42.Rxb6 Nd5 43.Rb5 Nc3
44.Rb7 Bd6 45.Rg7+  1-0

[Event "12th HZ Open"]
[Site "Vlissingen NED"]
[Date "2008.08.08"]
[Round "8"]
[White "Tiggelman,R"]
[Black "Kalisvaart,P"]
[Result "1-0"]
[WhiteElo "2194"]
[BlackElo "2093"]

1.d4 d5 2.Nf3 Nf6 3.c4 e6 4.g3 Be7 5.Bg2 O-O 6.O-O Nbd7 7.Qc2 c5 8.cxd5 Nxd5
9.Nc3 Nb4 10.Qd1 Nb6 11.e3 Bd7 12.Ne5 Nc6 13.Nxc6 Bxc6 14.Bxc6 bxc6 15.dxc5 Bxc5
16.Qf3 Rc8 17.Rd1 Qe7 18.Ne4 e5 19.g4 Rfd8 20.Bd2 Bb4 21.Bxb4 Qxb4 22.Qf5 Qe7
23.g5 Nd5 24.Rac1 Rc7 25.b4 Rb8 26.a3 g6 27.Qh3 f5 28.gxf6 Nxf6 29.Nxf6+ Qxf6
30.Rd7 Rxd7 31.Qxd7 Rf8 32.Rc2 Qf3 33.Qe6+ Rf7 34.Rd2 Kg7 35.Qxe5+ Kh6 36.Qg3 Qxg3+
37.hxg3 Kg5 38.Rc2 Rc7 39.Rc5+ Kf6 40.b5  1-0

[Event "XXXIV Open"]
[Site "Badalona ESP"]
[Date "2008.08.09"]
[Round "9"]
[White "Lubczynski,R"]
[Black "Gutierrez Anso,J"]
[Result "1-0"]
[WhiteElo "2414"]
[BlackElo "2076"]

1.d4 Nf6 2.c4 e6 3.g3 d5 4.Nf3 Be7 5.Bg2 O-O 6.O-O c6 7.Qc2 Nbd7 8.Rd1 Re8
9.b3 Ne4 10.Nfd2 Nxd2 11.Nxd2 Bd6 12.e4 dxe4 13.Nxe4 Bf8 14.Bf4 Nb6 15.Nc5 Qe7
16.Nd3 Nd7 17.Rac1 f6 18.Be3 Kh8 19.Re1 Qf7 20.f4 Nb6 21.a4 Bd7 22.Nc5 Bxc5
23.dxc5 Nc8 24.Red1 e5 25.f5 Ne7 26.Rxd7  1-0

[Event "XVII TCh-MKD"]
[Site "Struga MKD"]
[Date "2008.08.09"]
[Round "6"]
[White "Vasovski,N"]
[Black "Razmoski,M"]
[Result "1-0"]
[WhiteElo "2325"]
[BlackElo "1891"]

1.d4 d5 2.c4 e6 3.Nf3 Nf6 4.g3 Be7 5.Bg2 O-O 6.O-O b6 7.Ne5 Bb7 8.Nc3 Nbd7
9.Qa4 Nxe5 10.dxe5 Ne4 11.cxd5 exd5 12.Nxe4 dxe4 13.Bxe4 Bxe4 14.Qxe4 Qd7
15.Bf4 Rad8 16.h4 c5 17.Rfd1 Qxd1+ 18.Rxd1 Rxd1+ 19.Kg2 Rfd8 20.e6 Bf6 21.e7 Bxe7
22.Qxe7 R1d7 23.Qe3 Rd5 24.g4 Rd4 25.f3 R4d5 26.h5 Kf8 27.h6 g6 28.Qc3  1-0

[Event "Acropolis Open"]
[Site "Athens GRE"]
[Date "2008.08.10"]
[Round "2"]
[White "Romanishin,O"]
[Black "Karagiannis,A"]
[Result "1-0"]
[WhiteElo "2530"]
[BlackElo "2357"]

1.d4 Nf6 2.Nf3 e6 3.g3 d5 4.c4 Be7 5.Bg2 O-O 6.O-O c5 7.dxc5 Bxc5 8.a3 a6
9.b4 Ba7 10.Bb2 Nc6 11.Nbd2 Qe7 12.Qc2 h6 13.Rad1 Bd7 14.e4 dxc4 15.Nxc4 Rfd8
16.Nd6 Be8 17.e5 Nd5 18.Rfe1 Bb8 19.Nh4 Bxd6 20.exd6 Qxd6 21.Bxg7 Kxg7 22.Rxd5 Qf8
23.Rdd1 Kg8 24.Nf3 Qg7 25.Qc5 Qb2 26.Qe3 Qf6 27.h4 a5 28.b5 Ne7 29.Ne5 Nf5
30.Qf4 Rxd1 31.Rxd1 Rd8 32.Rxd8 Qxd8 33.a4 b6 34.Bc6 Kf8 35.Nc4 Qd1+ 36.Kh2 Qd8
37.Be4 Ng7 38.Qe3 f5 39.Bg2 Qd1 40.Qxb6 Qxa4 41.Qc5+ Kg8 42.b6 f4 43.b7 fxg3+
44.fxg3 Qb3 45.Qc7  1-0

[Event "Open"]
[Site "Stare Mesto CZE"]
[Date "2008.08.10"]
[Round "4"]
[White "Chetverik,M"]
[Black "Zvarik,M"]
[Result "1/2-1/2"]
[WhiteElo "2321"]
[BlackElo "2137"]

1.d4 Nf6 2.c4 e6 3.g3 d5 4.Nf3 Be7 5.Bg2 O-O 6.O-O a6 7.Nbd2 Nbd7 8.Qc2 c6
9.e4 b5 10.exd5 cxd5 11.c5 Bb7 12.Nb3 a5 13.Bf4 Nb8 14.Bxb8 Qxb8 15.Ne5 Rc8
16.Rfe1 Bc6 17.Qe2 Be8 18.Nc1 h6 19.Ncd3 Nh7 20.h4 Nf8 21.Nf4 Ra6 22.Rac1 Bd8
23.Nh5 f6 24.Nd3 Qb7 25.Nhf4 Bf7 26.a3 g5 27.hxg5 hxg5 28.Nh5 Bg6 29.g4 Qh7
30.Rc3 Ra7 31.Nc1 Qh8 32.Qxb5 Bxh5 33.gxh5 Qxh5 34.Rh3 Qf7 35.Qe2 f5 36.Nd3 Bf6
37.Ne5 Qg7 38.Qh5 g4 39.Rh1 Bxe5 40.Rxe5 Rxc5 41.Qh8+ Qxh8 42.Rxh8+ Kxh8
43.dxc5 Rc7 44.b4 axb4  1/2-1/2

[Event "Independence Cup A"]
[Site "Kyiv UKR"]
[Date "2008.08.13"]
[Round "11"]
[White "Grinev,V"]
[Black "Melnichuk,M"]
[Result "1/2-1/2"]
[WhiteElo "2297"]
[BlackElo "2290"]

1.d4 Nf6 2.c4 e6 3.g3 d5 4.Nf3 Be7 5.Bg2 O-O 6.O-O dxc4 7.Qc2 a6 8.a4 Bd7
9.Qxc4 Bc6 10.Bg5 a5 11.Nc3 Na6 12.Bxf6 Bxf6 13.e4 Nb4 14.Rad1 b6 15.d5 exd5
16.exd5 Bb7 17.Nd4 Bxd4 18.Rxd4 Qd7 19.Rfd1 Rac8 20.Qe2 Rce8 21.Qh5 h6 22.h3 Nc2
23.R4d2 Nb4 24.b3 Na6  1/2-1/2

[Event "Acropolis Open"]
[Site "Athens GRE"]
[Date "2008.08.14"]
[Round "6"]
[White "Grigoriadis,A"]
[Black "Goumas,G"]
[Result "1/2-1/2"]
[WhiteElo "2417"]
[BlackElo "2276"]

1.c4 e6 2.Nf3 Nf6 3.g3 d5 4.d4 Be7 5.Bg2 O-O 6.O-O c5 7.dxc5 Bxc5 8.Nc3 dxc4
9.Qa4 Qe7 10.Qxc4 h6 11.Bf4 Nbd7 12.Na4 e5 13.Nxc5 exf4 14.Nxd7 Bxd7 15.gxf4 Rac8
16.Qd3 Rfd8 17.Nd4 Bb5 18.Qxb5 Rxd4 19.e3 Rb4 20.Qe5 Qxe5 21.fxe5 Ng4 22.b3 Nxe5
23.Rac1 Nc6 24.Rfd1 Rc7 25.Rd8+ Kh7 26.Rd6 Rb6 27.Be4+ g6 28.Rc5 Kg7 29.f4 Re7
30.Bxc6 Rxe3 31.Rd7 Rxc6 32.Rxc6 bxc6 33.Rxa7 Rc3 34.a4 Rxb3 35.a5 Rf3 36.a6 Rxf4
37.Rc7 Rc4 38.Kf2 c5 39.Ke3 Ra4 40.a7 Ra3+ 41.Ke4 c4 42.Kd4 c3 43.Kc5 c2
44.Kb6 Rb3+ 45.Ka6 Ra3+ 46.Kb6 Rb3+  1/2-1/2

[Event "Open"]
[Site "Davos SUI"]
[Date "2008.08.14"]
[Round "5"]
[White "Bernard,N"]
[Black "Bebchuk,L"]
[Result "0-1"]
[WhiteElo "2137"]
[BlackElo "2125"]

1.d4 d5 2.Nf3 Nf6 3.c4 e6 4.g3 Be7 5.Bg2 O-O 6.O-O dxc4 7.Qc2 a6 8.a4 Nc6
9.Qxc4 a5 10.Bf4 Nd5 11.Nc3 Nxf4 12.gxf4 Qd6 13.e3 Qb4 14.Qe2 Bd7 15.Rfc1 Qb6
16.Ne4 Rfd8 17.Nc5 Bxc5 18.Rxc5 Ne7 19.Ne5 c6 20.Qc2 Be8 21.Rc1 f6 22.Nc4 Qc7
23.Qb3 Bf7 24.Qb6 Qxb6 25.Nxb6 Ra6 26.Nc4 b6 27.Rxc6 Nxc6 28.Bxc6 Rb8 29.Nd6 Ra7
30.e4 Kf8 31.f3 Rc7 32.Kf2 Rd8 33.e5 Bg6 34.Rc3 Ke7 35.Nb5 Rcc8 36.Ke3 Be8
37.Bxe8 Rxc3+ 38.bxc3 Rxe8 39.Ke4 Rc8 40.Nd6 Rxc3 41.f5 fxe5 42.Kxe5 Re3+
43.Kf4 Rxf3+ 44.Kxf3 Kxd6 45.fxe6 Kxe6 46.Ke4 g6  0-1

[Event "Petrovskaya Ladya GM1"]
[Site "Peterhof RUS"]
[Date "2008.08.14"]
[Round "4"]
[White "Yevseev,D"]
[Black "Khruschiov,A"]
[Result "1-0"]
[WhiteElo "2510"]
[BlackElo "2496"]

1.d4 d5 2.c4 e6 3.Nf3 Nf6 4.g3 Be7 5.Bg2 O-O 6.Qc2 dxc4 7.Nbd2 Nc6 8.Qxc4 Nd7
9.O-O e5 10.dxe5 Ncxe5 11.Qc2 c6 12.Nxe5 Nxe5 13.b3 Be6 14.Bb2 Qc7 15.h3 f6
16.f4 Nd7 17.Nf3 Rfe8 18.e4 a5 19.Kh2 a4 20.Rae1 axb3 21.axb3 Ra2 22.Nd4 Bf7
23.Qb1 Rea8 24.Re2 Nc5 25.e5 fxe5 26.fxe5 Bg6 27.Nf5 Ne6 28.Qe4 Ba3 29.Bxa3 R8xa3
30.Ref2 Qd7 31.Qb4 c5 32.Qb5 Rd2 33.Ne7+ Qxe7 34.Rxd2 h5 35.Rd7 Qg5 36.Qc4 Qxe5
37.Re7 Ra6 38.Rf2 b5 39.Qd5 Qe3 40.Qd2 Qxd2 41.Rxd2 Kh7 42.Rdd7 Kh6 43.Bd5 Ra2+
44.Kg1 Nd4 45.b4 c4 46.h4 Nf5 47.Re6 Nxg3 48.Rdd6 Ne2+ 49.Rxe2 Rxe2 50.Bf7 Rb2
51.Bxg6 Rxb4 52.Bf5+ g6 53.Rxg6+ Kh7 54.Rg5+ Kh8 55.Rxh5+ Kg7 56.Kg2 c3 57.Kg3 Rb2
58.Be4 b4 59.Rc5 Re2 60.Kf4 Rh2 61.Kg5 Rh3 62.Rc7+ Kf8 63.Kf6 Ke8 64.Bf5  1-0

[Event "Independence Cup A"]
[Site "Kyiv UKR"]
[Date "2008.08.15"]
[Round "3"]
[White "Ianov,V"]
[Black "Brozhik,V"]
[Result "1-0"]
[WhiteElo "2370"]
[BlackElo "2148"]

1.d4 Nf6 2.c4 e6 3.g3 d5 4.Nf3 Be7 5.Bg2 O-O 6.O-O Nbd7 7.Qc2 Ne4 8.Bf4 c6
9.Nbd2 f5 10.Nb3 g5 11.Bc1 g4 12.Ne1 Qe8 13.Nd3 Kh8 14.Be3 Rg8 15.Rae1 h5
16.f3 Nd6 17.Nd2 h4 18.Bf2 Bg5 19.c5 Nf7 20.gxh4 Bh6 21.Kh1 Nf6 22.Rg1 Nh5
23.Nf1 Nf6 24.Bg3 Nh5 25.Bf2 Nf6 26.Qd1 Bd7 27.Qb3 Qc8 28.Ne5 Nxe5 29.dxe5 Nh7
30.Bg3 gxf3 31.exf3 b6 32.Bf2 bxc5 33.Bxc5 a5 34.Ng3 Rb8 35.Qc2 Rb5 36.Bf1 Rb7
37.Ba6 Qa8 38.Bxb7 Qxb7 39.Nxf5 Rxg1+ 40.Rxg1 exf5 41.e6 Bxe6 42.Bd4+ Nf6
43.Bxf6+ Kh7 44.Bd4 Qb5 45.b3 Bf8 46.Qg2 Bf7 47.Qc2 Be6 48.Qd2 Bh6 49.Qe1 Qd3
50.Qxe6  1-0

[Event "Acropolis Open"]
[Site "Athens GRE"]
[Date "2008.08.16"]
[Round "8"]
[White "Romanishin,O"]
[Black "Melia,S"]
[Result "1/2-1/2"]
[WhiteElo "2530"]
[BlackElo "2416"]

1.d4 d5 2.Nf3 Nf6 3.c4 e6 4.g3 Be7 5.Bg2 O-O 6.O-O dxc4 7.Qc2 a6 8.a4 Bd7
9.Qxc4 Bc6 10.Bg5 Bd5 11.Qd3 c5 12.Nc3 Bc6 13.Rfd1 cxd4 14.Nxd4 Bxg2 15.Kxg2 Qa5
16.Ne4 Nbd7 17.Qb3 Nc5 18.Nxc5 Qxc5 19.h4 Rfd8 20.Rac1 Qd5+ 21.Qxd5 Rxd5
22.e4 Rdd8 23.Kf3 Rac8 24.Rxc8  1/2-1/2

[Event "5th DA Tan Malaysian Open"]
[Site "Kuala Lumpur MAS"]
[Date "2008.08.19"]
[Round "3"]
[White "Rahman,Zia"]
[Black "Xiu,D"]
[Result "0-1"]
[WhiteElo "2564"]
[BlackElo "2410"]

1.Nf3 Nf6 2.c4 e6 3.g3 d5 4.d4 Be7 5.Bg2 O-O 6.O-O dxc4 7.Qc2 a6 8.Qxc4 b5
9.Qc2 Bb7 10.Bd2 Bd6 11.Re1 Be4 12.Qc1 Bb7 13.Bg5 Nbd7 14.e4 Be7 15.Nbd2 c5
16.e5 Nd5 17.Ne4 cxd4 18.Qd2 Bxg5 19.Nexg5 h6 20.Ne4 Ne3 21.fxe3 Bxe4 22.Qxd4 Bxf3
23.Bxf3 Rc8 24.a4 Qc7 25.axb5 Nxe5 26.Be4 Rfd8 27.Qa4 axb5 28.Qxb5 Rb8 29.Qe2 Qc4
30.Bg2 Qb4 31.Red1 Rxd1+ 32.Rxd1 Qxb2 33.Rd8+ Kh7 34.Rd2 Qc1+ 35.Rd1 Rb2
36.Rxc1 Rxe2 37.e4 Nd3 38.Rc3 Re1+ 39.Bf1 Ne5 40.h4 g6 41.Kg2 Rxe4 42.Kh3 Kg7
43.Kg2 Ra4 44.Re3 Ng4 45.Re2 Ra3  0-1

[Event "35th Open"]
[Site "Manresa ESP"]
[Date "2008.08.19"]
[Round "8"]
[White "Sundararajan,K"]
[Black "Campos Cayuelas,M"]
[Result "1-0"]
[WhiteElo "2446"]
[BlackElo "2058"]

1.d4 d5 2.c4 e6 3.Nf3 Nf6 4.g3 Be7 5.Bg2 O-O 6.O-O Nbd7 7.Qc2 c5 8.cxd5 exd5
9.Nc3 Qc7 10.Bf4 Qa5 11.Rfd1 c4 12.Ng5 h6 13.Nxd5 hxg5 14.Nxe7+ Kh8 15.Bd2 Qb5
16.a4 Qa6 17.Bxg5 Re8 18.Nd5 Nxd5 19.Bxd5  1-0

[Event "8th Savaria Summer GM"]
[Site "Szombathely HUN"]
[Date "2008.08.19"]
[Round "6"]
[White "Prohaszka,P2"]
[Black "Szabo,Krisz1"]
[Result "1/2-1/2"]
[WhiteElo "2508"]
[BlackElo "2510"]

1.d4 Nf6 2.c4 e6 3.g3 d5 4.Nf3 Be7 5.Bg2 O-O 6.O-O dxc4 7.Qc2 a6 8.a4 Bd7
9.Qxc4 Bc6 10.Bg5 Bd5 11.Qc2 Be4 12.Qd1 h6 13.Bxf6 Bxf6 14.Nc3 Bxf3 15.Bxf3 c6
16.e3 a5 17.Rc1 Na6 18.h4 Nb4 19.Be4 Nd5 20.Bb1 Nxc3 21.bxc3 e5 22.f4 exd4
23.Qd3 Re8 24.exd4 Kf8 25.Rce1 g6 26.h5 gxh5 27.Qf5 Bg7 28.Rxe8+ Qxe8 29.Ba2 Qe7
30.Kg2 Kg8 31.Qxh5 Re8 32.Rf2 Qe4+ 33.Qf3 Bf6 34.Qxe4 Rxe4 35.Rb2 Re3 36.Kh3 Re7
37.Kg4 Kg7 38.Kf5 c5 39.dxc5 Bxc3 40.Rc2 Be1 41.g4 Rc7 42.Bd5 Bb4 43.c6 bxc6
44.Bxc6 Bd6 45.Rc4 Rc8 46.g5 hxg5 47.Kxg5 Bb4 48.Rc2 Rc7 49.Kf5 Kf8 50.Kf6 Be7+
51.Ke5 Bb4 52.f5 Re7+ 53.Kd4 Re1 54.Be4 Rd1+ 55.Bd3 Re1 56.Be2 Kg7 57.Ke5 Be7
58.Kf4 Bf6 59.Kf3 Ra1 60.Bb5  1/2-1/2

[Event "Independence Cup A"]
[Site "Kyiv UKR"]
[Date "2008.08.21"]
[Round "9"]
[White "Panchenko,AG"]
[Black "Vdovichenko,V"]
[Result "1/2-1/2"]
[WhiteElo "2332"]
[BlackElo "2222"]

1.Nf3 Nf6 2.g3 d5 3.c4 e6 4.Bg2 Be7 5.d4 O-O 6.O-O dxc4 7.Ne5 Nc6 8.Nxc6 bxc6
9.Bxc6 Rb8 10.Nc3 Ba6 11.e4 Bb7 12.Bxb7 Rxb7 13.Rb1 c5 14.d5 Rd7 15.Qe2 exd5
16.exd5 Nxd5 17.Nxd5 Rxd5 18.Qxc4 Qd7 19.Be3 Rd8 20.b3 Qh3 21.Qe4 Bf6 22.Rbc1 Bd4
23.Rfe1 Re5 24.Qf3 Rde8 25.Bd2 h6 26.Rxe5 Rxe5 27.Bc3 Bxc3  1/2-1/2

[Event "23rd Open"]
[Site "Schwarzach AUT"]
[Date "2008.08.21"]
[Round "6"]
[White "Reefschlaeger,H"]
[Black "Scheffknecht,P"]
[Result "1-0"]
[WhiteElo "2310"]
[BlackElo "2187"]

1.d4 Nf6 2.g3 e6 3.c4 d5 4.Nf3 Be7 5.Bg2 O-O 6.O-O dxc4 7.Qc2 a6 8.a4 Bd7
9.Rd1 Bc6 10.Nc3 Qc8 11.e4 Rd8 12.e5 Nd5 13.Ng5 g6 14.Nce4 h6 15.Nh3 Bf8
16.Qxc4 Nd7 17.Qe2 Ne7 18.g4 b5 19.a5 Nd5 20.f4 b4 21.f5 Bb5 22.Qf2 c5 23.Qh4 cxd4
24.Bxh6 Nxe5 25.Bxf8 Rxf8 26.Neg5 Rd8 27.fxg6 fxg6 28.Qh7+ Kf8 29.Qh8+ Ke7
30.Qg7+ Ke8 31.Qxe5  1-0

[Event "XXV Open"]
[Site "Collado Villalba ESP"]
[Date "2008.08.22"]
[Round "1"]
[White "Menor Villamor,J"]
[Black "Sriram,J"]
[Result "0-1"]
[WhiteElo "2005"]
[BlackElo "2429"]

1.c4 e6 2.g3 d5 3.Bg2 Nf6 4.Nf3 Be7 5.d4 O-O 6.Nc3 Nbd7 7.O-O c6 8.c5 b6
9.cxb6 Qxb6 10.b3 Ba6 11.Na4 Qb5 12.Nc3 Qb7 13.Bb2 Rac8 14.Na4 Ne4 15.Nd2 f5
16.Nxe4 fxe4 17.Bh3 Rf6 18.Rc1 Rh6 19.Bg2 Bf6 20.Nc5 Nxc5 21.Rxc5 Qf7 22.Bc1 Rh5
23.Ra5 Bb5 24.a4 Bd8 25.g4 Rh4 26.h3 Bxa5 27.axb5 Qg6 28.bxc6 Rxc6 29.b4 Bb6
30.Qa4 Rc3 31.Bg5 Rhxh3 32.Bxh3 Rxh3 33.Kg2 Rc3 34.f3 h6 35.Be7 exf3+ 36.exf3 Qc2+
37.Qxc2 Rxc2+ 38.Kg3 Bxd4 39.Rd1 Be5+ 40.f4 Rc3+ 41.Kg2 Bxf4 42.Ra1 Rc2+
43.Kf3 g5 44.Rxa7 e5  0-1

[Event "Jessie Gilbert Celebration Int"]
[Site "Coulsdon ENG"]
[Date "2008.08.22"]
[Round "7"]
[White "Martyn,R"]
[Black "Briscoe,C"]
[Result "1-0"]
[WhiteElo "2302"]
[BlackElo "2232"]

1.d4 Nf6 2.c4 e6 3.g3 d5 4.Bg2 Be7 5.Nf3 O-O 6.O-O dxc4 7.Qc2 a6 8.Qxc4 b5
9.Qc2 Bb7 10.Bd2 Ra7 11.Rc1 Be4 12.Qd1 Nbd7 13.Ba5 Bd6 14.Nbd2 Bd5 15.Rc2 Qe7
16.Rac1 c5 17.dxc5 Bxc5 18.Nb3 Bb6 19.Bxb6 Nxb6 20.Ne5 Nc4 21.Nxc4 bxc4 22.Na5 Rd7
23.Qe1 Rc8 24.Nxc4 Rdc7 25.Bxd5 exd5 26.Ne3 h5 27.Rxc7 Rxc7 28.Rxc7 Qxc7
29.Qd2 Qc5 30.b4 Qb5 31.a3 h4 32.Kg2 h3+ 33.Kxh3 Ne4 34.Qxd5 Nxf2+ 35.Kg2 Ng4
36.Qxb5 Nxe3+ 37.Kf3 axb5 38.Kxe3  1-0

[Event "U16 Olympiad"]
[Site "Mersin TUR"]
[Date "2008.08.22"]
[Round "7"]
[White "Sen,S"]
[Black "Tamazyan,H"]
[Result "0-1"]
[WhiteElo "2050"]
[BlackElo "2139"]

1.Nf3 Nf6 2.c4 e6 3.g3 d5 4.d4 Be7 5.Bg2 O-O 6.O-O dxc4 7.Qc2 c5 8.Rd1 Nc6
9.e3 b5 10.Ne5 Nb4 11.Qe2 cxd4 12.Rxd4 Nbd5 13.Nc6 Qc7 14.Nxe7+ Qxe7 15.e4 Nb6
16.e5 Nfd5 17.Qh5 f5 18.Nc3 g6 19.Qh6 Nxc3 20.bxc3 Bb7 21.Bg5 Qf7 22.Bxb7 Qxb7
23.Rd6 Rae8 24.Rb1 Nd5 25.h4 Nxc3 26.Re1 Qg7 27.Qxg7+ Kxg7 28.Re3 Ne4 29.Rd7+ Rf7
30.Bh6+ Kg8 31.Rxf7 Kxf7 32.Ra3 Re7 33.Ra5 Rb7 34.Ra6 b4 35.Rc6 b3  0-1

[Event "44th Rubinstein Mem Open A"]
[Site "Polanica Zdroj POL"]
[Date "2008.08.22"]
[Round "4"]
[White "Kveinys,A"]
[Black "Gralka,J"]
[Result "1/2-1/2"]
[WhiteElo "2527"]
[BlackElo "2268"]

1.d4 Nf6 2.c4 e6 3.g3 d5 4.Nf3 Be7 5.Bg2 O-O 6.O-O c6 7.Nbd2 b6 8.b3 Bb7
9.Bb2 Nbd7 10.Qc2 Rc8 11.e4 c5 12.e5 Ne8 13.dxc5 Nxc5 14.Rfd1 Nc7 15.Nf1 Qe8
16.Bd4 dxc4 17.Bxc5 Bxf3 18.Bxf3 Bxc5 19.bxc4 Na6 20.Bb7 Nb4 21.Qe4 Rc7 22.a3 Nc2
23.Qxc2 Rxb7 24.Qe4 Rd7 25.Ne3 Rxd1+ 26.Rxd1 Qe7 27.a4 Rd8 28.Rxd8+  1/2-1/2

[Event "23rd Open"]
[Site "Schwarzach AUT"]
[Date "2008.08.22"]
[Round "7"]
[White "Baldauf,Marc"]
[Black "Schulenburg,F"]
[Result "1/2-1/2"]
[WhiteElo "2313"]
[BlackElo "2163"]

1.d4 e6 2.c4 Nf6 3.g3 d5 4.Bg2 Be7 5.Nf3 Nbd7 6.O-O O-O 7.Qc2 Ne4 8.Nbd2 f5
9.Ne1 c6 10.Nd3 Qe8 11.Nf3 Kh8 12.b3 Qh5 13.a4 Rf6 14.Ba3 Bd8 15.Nf4 Qe8
16.Ne5 g5 17.Nxd7 Bxd7 18.Nd3 Bc7 19.Ne5 Rd8 20.f3 Nd6 21.e4 Nf7 22.Rfe1 dxe4
23.Nxf7+ Rxf7 24.fxe4 f4 25.Qc3 e5 26.d5 Bg4 27.Bf3 h5 28.h3 Bxf3 29.Qxf3 g4
30.hxg4 hxg4 31.Qxg4 Rg7 32.Qh4+ Kg8 33.Kf2 cxd5 34.Rh1 dxe4 35.Qh8+ Kf7
36.Qh5+ Kg8 37.Qh8+  1/2-1/2